Renewable energy (Record no. 106809)

MARC details
000 -LEADER
fixed length control field 01290cad a22002775a 4500
001 - CONTROL NUMBER
control field L137526
008 - FIXED-LENGTH DATA ELEMENTS--GENERAL INFORMATION
fixed length control field 070413s2007 xxk f a000 0 eng d
020 ## - INTERNATIONAL STANDARD BOOK NUMBER
International Standard Book Number 9780755965526
022 1# - INTERNATIONAL STANDARD SERIAL NUMBER
International Standard Serial Number 17411203
035 ## - SYSTEM CONTROL NUMBER
System control number (Sirsi) u137526
041 0# - LANGUAGE CODE
Language code of text/sound track or separate title eng
050 04 - LIBRARY OF CONGRESS CALL NUMBER
Classification number 333.72 $2 18
110 1# - MAIN ENTRY--CORPORATE NAME
Corporate name or jurisdiction name as entry element Scotland
Subordinate unit Scottish Executive
-- Development Department
245 00 - TITLE STATEMENT
Title Renewable energy
Remainder of title Scottish Planning Policy SPP6
Medium [electronic resource]
260 ## - PUBLICATION, DISTRIBUTION, ETC.
Place of publication, distribution, etc. Edinburgh
Name of publisher, distributor, etc. Scottish Executive
Date of publication, distribution, etc. 2006
490 #0 - SERIES STATEMENT
Series statement Scottish Planning Policies
520 ## - SUMMARY, ETC.
Summary, etc. Sets out how the planning system should manage the process of encouraging, approving and implementing renewable energy proposals when preparing development plans and determining planning applications. Suggests that development plans should set out a spatial approach for considering wind farm proposals over 20 megawatts, but should offer protection to natural heritage and green belt areas.
590 ## - LOCAL NOTE (RLIN)
Local note KA NTK
650 24 - SUBJECT ADDED ENTRY--TOPICAL TERM
Topical term or geographic name entry element SPP6
650 24 - SUBJECT ADDED ENTRY--TOPICAL TERM
Topical term or geographic name entry element CLIMATE CHANGE
650 24 - SUBJECT ADDED ENTRY--TOPICAL TERM
Topical term or geographic name entry element CARBON REDUCTION
651 #4 - SUBJECT ADDED ENTRY--GEOGRAPHIC NAME
Geographic name Scotland
Chronological subdivision 1999-
690 ## - LOCAL SUBJECT ADDED ENTRY--TOPICAL TERM (OCLC, RLIN)
Topical term or geographic name as entry element ENVIRONMENTAL AND LAND CONSULTANCY-ENERGY-RENEWABLE ENERGY
856 41 - ELECTRONIC LOCATION AND ACCESS
Uniform Resource Identifier <a href="https://www.scotland.gov.uk/Publications/2007/03/22084213/0">https://www.scotland.gov.uk/Publications/2007/03/22084213/0</a>
Public note View the item free of charge at www.scotland.gov.uk...
942 ## - ADDED ENTRY ELEMENTS (KOHA)
Suppress in OPAC 0
Holdings
Withdrawn status Lost status Source of classification or shelving scheme Damaged status Not for loan Home library Current library Shelving location Date acquired Total Checkouts Full call number Barcode Date last seen Copy number Price effective from Koha item type
    Dewey Decimal Classification     Virtual Virtual Online 13/04/2007   ONLINE PUBLICATION 137526-1001 06/08/2019 1 06/08/2019 Book